Normal view MARC view

Entry Personal Name

Number of records used in: 1

001 - CONTROL NUMBER

  • control field: 31105

003 - CONTROL NUMBER IDENTIFIER

  • control field: dpl

005 - DATE AND TIME OF LATEST TRANSACTION

  • control field: 20110803152254.0

008 - FIXED-LENGTH DATA ELEMENTS

  • fixed length control field: 110803|||a|||||| | ||| d

040 ## - CATALOGING SOURCE

  • Original cataloging agency: dpl
  • Transcribing agency: dpl

100 ## - HEADING--PERSONAL NAME

  • Personal name: Nehru, Jawaharlal,
  • Dates associated with a name: 1889-1964
  • Form subdivision: Pictorial works.

670 ## - SOURCE DATA FOUND

  • Source citation: Work cat.: (dpl)0: Sahni, Sati. 31103, Nehru's Kashmir /, 2011.

670 ## - SOURCE DATA FOUND

  • Source citation: Work cat.: (dpl)0: Sahni, Sati. 31103, Nehru's Kashmir /, 2011.

© Delhi Public Library
Hit Counter
free hit counter